000 00288nam a22001097a 4500
008 170105b xxu||||| |||| 00| 0 eng d
020 _a9780323020091
041 _aeng
080 _23RD
_a618.2
245 _aFOUNDATIONS AND CLINICAL APPLICATIONS OF NUTRITION
_cDEYOUNG, G.L
942 _2udc
_cBK
999 _c2558
_d2558